Граждански процесуален кодекс (Запис номер 157660)
[ съкратено ]
| 000 -Лидер | |
|---|---|
| Контролно поле с фиксирана дължина | nam a22 a 4500 |
| 003 - Код на организацията, давaща контролен номер | |
| Контролно поле | BLK |
| 005 - Дата и час на последна редакция | |
| Контролно поле | 20230301171625.0 |
| 008 - Елементи от данни с фиксирана дължина | |
| fixed length control field | 180410b bul|||||r ||||||| ||bul|| |
| 010 ## - Наследен системен номер | |
| LC control number | KNG00164609000 |
| 040 ## - Източник на каталожния запис | |
| Идентификатор на билиотеката - собственик на записа | BLK |
| 041 ## - Код за език | |
| Код за езика на текст/звукозапис или на отделно заглавие | Български |
| Код за езика КДБФ | Български |
| 080 ## - УДК | |
| Текстов определител УДК | Опазване на обществения ред и спокойствие |
| УДК код - определител по УДК | 351.75 |
| УДК определител | :347.91/.95(497.2)(094.4) |
| УДК - код + определител | 351.75:347.91/.95(497.2)(094.4) |
| 139 ## - Редно поле | |
| Редна дума | България. Закони и др. п. |
| Авторски знак | Бъл - Б 92 |
| 245 10 - Сведения за заглавието | |
| Заглавие | Граждански процесуален кодекс |
| Редно поле (дума) | състав. и ред. Елена Стойчева. |
| 257 ## - Страна на издаване | |
| Страна на създаване/издаване | България |
| 260 ## - Област на издателските данни | |
| Място на издаване, разпространение и проч. | София |
| Име на издателя, разпространителя и проч. | Пари |
| Година на издаване | 1992 |
| 300 ## - Физическа характеристика | |
| Страници | 112 с. |
| Размери/Мащаб | 21 см |
| 380 ## - Жанр | |
| Жанр | Обществени науки |
| 490 ## - СЕРИИ (Колекции) | |
| Име на серия | Библиотека Пари |
| №: серия | 3 |
| 9 (RLIN) | 206332 |
| 650 #4 - Допълнително описание по предмет – тема | |
| Основно описание – тема или топоним | Граждански процесуален кодекс - България - законодателни и директивни материали |
| 9 (RLIN) | 266556 |
| 653 ## - Ключова дума – ненормативна | |
| Ключова дума | ГПК |
| 653 ## - Ключова дума – ненормативна | |
| Ключова дума | граждански процес |
| 653 ## - Ключова дума – ненормативна | |
| Ключова дума | кодекси |
| 653 ## - Ключова дума – ненормативна | |
| Ключова дума | закони |
| 700 1# - Други автори (авторска отговорност) | |
| Лично име | Стойчева, Елена |
| Автороска отговорност (Описва отношението между автора и произведението) | състав. и ред. |
| 9 (RLIN) | 333826 |
| 710 1# - Име на организация или юридическо лице като допълнителен термин за търсене | |
| Наименование на организация или юридическо лице като редна дума | България. Закони и др. п. |
| 9 (RLIN) | 243213 |
| 852 ## - Местоположение | |
| Форматна сигнатура | Цб 169537 |
| 856 4# - Електронен адрес и достъп | |
| Електронен формат | pdf - файл |
| Инструкция (цена за достъп) | 0.00 |
| Права за достъп | disable |
| 856 4# - Електронен адрес и достъп | |
| Електронен формат | pdf - файл |
| Инструкция (цена за достъп) | 0.00 |
| Права за достъп | disable |
| 999 ## - СИСТЕМНИ КОНТРОЛНИ НОМЕРА | |
| Koha biblionumber | 157660 |
| Koha biblioitemnumber | 157660 |
| 942 ## - АРТИКУЛИ | |
| Вид на библиотечния материал | Книги |
| Скрит в OPAC | Не |
| Периодичен библиозапис | Да |
| 944 ## - СЪЗДАВАНЕ И РЕДАКЦИЯ на ЗАПИСА | |
| Създаване/Редакция | Създаване |
| Дата на регистрацията/редакция | 02.09.2014 |
| Статус, дата на статуса | 02.09.2014 - от С1,Р / 02.09.2014 |
| Служител, извършил регистрацията/редакцията | Наталия_Любомирова |
| 944 ## - СЪЗДАВАНЕ И РЕДАКЦИЯ на ЗАПИСА | |
| Създаване/Редакция | Редакция |
| Дата на регистрацията/редакция | 02.09.2014 |
| Статус, дата на статуса | 02.09.2014 - от С1,Р / 02.09.2014 |
| 999 ## - СИСТЕМНИ КОНТРОЛНИ НОМЕРА | |
| Koha biblioitemnumber | 157660 |
| Код за отписване | Код за изгубен артикул | Източник на класификационната схема | Код за повреда | Коз за рестрикции | Код за отдаване | Артикулен № | Име на библиотеката - собственик | Име на библиотеката, в която се намира в момента | Статус (Текущо местоположение) | Дата на вписване в системата | Местоположение - отдел | Цена в лева | Инвентарен номер | Систематично азбучна сигнатура | Баркод | Номер на екземпляра | Цена в евро | Служебна бележка | Служебен тип на артикула |
|---|---|---|---|---|---|---|---|---|---|---|---|---|---|---|---|---|---|---|---|
| Не е изгубен | Universal Decimal Classification | Не е повреден | без рестрикции | ползва се в читалня | 264047 | Регионална библиотека "Любен Каравелов" Русе | Регионална библиотека "Любен Каравелов" Русе | Хранилище | 1992-01-01 | Хранилище | 20.00 | 570436 | Цб 169537 | 120000570436 | 1 | 10.23 | N: стар фонд Дата: 01.01.1992 | Книги | |
| Изтеглен | Не е изгубен | Universal Decimal Classification | Не е повреден | без рестрикции | заемане за дома | 264048 | Регионална библиотека "Любен Каравелов" Русе | Регионална библиотека "Любен Каравелов" Русе | Заемна - подръчен фонд | 1992-01-01 | Заемна - подръчен фонд | 20.00 | 571029 | П 351(497.2)/Б 92 | 571029 | 2 | 10.23 | N: стар фонд Дата: 01.01.1992 Дата инв: 05.02.2018 Бележки инв: П2018 | Книги |